[Event "AUTO-OPEN-1029"]
[Site "http://www.queenalice.com/game.php?id=360245"]
[Date "2008.2.24"]
[Round "1"]
[White "InsaneCannibalElf"]
[Black "nelly"]
[Result "0-1"]
[WhiteElo "1592"]
[BlackElo "1821"]

1. f4 d5 2. Nf3 c5 3. b3 Nf6 4. Ba3 e6 5. c3 Be7 6. d4 b6 7. e3 O-O 8. c4 Nbd7
9. Nc3 Bb7 10. Be2 dxc4 11. Bxc4 cxd4 12. Bxe7 Qxe7 13. Qxd4 Rfd8 14. Qd3 Ne5
15. Qe2 Nxf3+ 16. gxf3 Qb4 17. Rc1 b5 0-1

[Event "AUTO-OPEN-1029"]
[Site "http://www.queenalice.com/game.php?id=360246"]
[Date "2008.2.24"]
[Round "1"]
[White "nelly"]
[Black "TheArgies"]
[Result "1-0"]
[WhiteElo "1500"]
[BlackElo "1536"]

1. e4 e5 2. Nf3 Nc6 3. Bb5 a6 4. Ba4 b5 5. Bb3 Nf6 6. O-O Nd4 7. Nxe5 Nxb3 8.
axb3 Bb7 9. d3 Bd6 10. f4 Bc5+ 11. Kh1 b4 12. Nd2 d6 13. Nec4 O-O 14. Na5 Rb8
15. Nxb7 Rxb7 16. Rxa6 Nd7 17. Nf3 Nb8 18. Ra8 c6 19. Ng5 Ra7 20. Qh5 h6 21.
Rxa7 Bxa7 22. Nf3 f6 23. Nh4 g5 24. Qg6+ Kh8 25. Qxh6+ Kg8 26. Qg6+ Kh8 27. Nf5
Rg8 28. Qh6# 1-0

[Event "AUTO-OPEN-1029"]
[Site "http://www.queenalice.com/game.php?id=360247"]
[Date "2008.2.24"]
[Round "1"]
[White "TheArgies"]
[Black "nelly"]
[Result "0-1"]
[WhiteElo "1509"]
[BlackElo "1778"]

1. e4 c5 2. Nf3 Nc6 3. d4 cxd4 4. Nxd4 g6 5. Nxc6 bxc6 6. Nc3 Bg7 7. Bc4 e6 8.
Bf4 d5 9. exd5 cxd5 10. Bb5+ Bd7 11. Qe2 Ne7 12. O-O-O O-O 13. Bd3 Qa5 14. Be5
Nc6 15. Bxg7 Kxg7 16. h4 Nb4 17. Qe5+ f6 18. Qg3 Nxd3+ 19. Rxd3 h5 20. f4 Bb5
21. Nxb5 Qxb5 22. Rb3 Qa6 23. Re1 Rac8 24. f5 exf5 25. Re7+ Rf7 26. Re1 Rfc7 27.
c3 Qxa2 28. Ra3 Qxa3 29. bxa3 Rxc3+ 30. Qxc3 Rxc3+ 31. Kd2 Rxa3 32. Re7+ Kg8 33.
Kc2 f4 0-1

[Event "AUTO-OPEN-1029"]
[Site "http://www.queenalice.com/game.php?id=360248"]
[Date "2008.2.24"]
[Round "1"]
[White "nelly"]
[Black "valium97"]
[Result "1-0"]
[WhiteElo "1840"]
[BlackElo "1245"]

1. e4 e5 2. Nf3 d6 3. c4 f5 4. Nc3 Nf6 5. d4 fxe4 6. Ng5 Bf5 7. dxe5 h6 8. exf6
hxg5 9. f7+ Kxf7 10. Qd5+ Be6 11. Qxb7 Nd7 12. Qxe4 Nc5 13. Qf3+ Kg6 14. Bd3+
Nxd3+ 15. Qxd3+ 1-0

[Event "AUTO-OPEN-1029"]
[Site "http://www.queenalice.com/game.php?id=360249"]
[Date "2008.2.24"]
[Round "1"]
[White "valium97"]
[Black "nelly"]
[Result "0-1"]
[WhiteElo "1245"]
[BlackElo "1840"]

1. e4 c5 2. Nc3 Nc6 3. g3 g6 4. Bg2 Bg7 5. d3 Nf6 6. Be3 d6 7. Nf3 O-O 8. h3 b5
9. a4 b4 10. Ne2 e5 11. O-O a5 12. Nd2 Nh5 13. f4 exf4 14. Nxf4 Nxg3 15. Rf3 Qh4
0-1

[Event "AUTO-OPEN-1030"]
[Site "http://www.queenalice.com/game.php?id=360522"]
[Date "2008.2.25"]
[Round "1"]
[White "bloodrayne"]
[Black "nelly"]
[Result "0-1"]
[WhiteElo "1310"]
[BlackElo "1778"]

1. e4 c5 2. Bc4 Nc6 3. c3 e6 4. Nf3 d5 5. exd5 exd5 6. Bb3 Nf6 7. d3 Be7 8. O-O
O-O 9. Bf4 Bg4 10. Nbd2 Bd6 11. Bg5 Be7 12. h3 Bf5 13. d4 c4 0-1

[Event "AUTO-OPEN-1030"]
[Site "http://www.queenalice.com/game.php?id=360523"]
[Date "2008.2.25"]
[Round "1"]
[White "nelly"]
[Black "bloodrayne"]
[Result "1-0"]
[WhiteElo "1778"]
[BlackElo "1310"]

1. e4 e5 2. Nf3 d6 3. d4 Bg4 4. dxe5 Bxf3 5. Qxf3 dxe5 6. Bc4 Qf6 7. Qb3 b6 8.
Nc3 c6 9. O-O Bd6 10. Nd5 Qg6 11. f4 Ne7 12. Nxe7 Kxe7 13. fxe5 Bc5+ 14. Kh1 1-0

[Event "AUTO-OPEN-1030"]
[Site "http://www.queenalice.com/game.php?id=360550"]
[Date "2008.2.25"]
[Round "1"]
[White "valium97"]
[Black "nelly"]
[Result "0-1"]
[WhiteElo "1245"]
[BlackElo "1840"]

1. d4 d5 2. e4 dxe4 3. Nc3 e5 4. Be3 exd4 5. Bxd4 Nc6 6. Be3 Bb4 7. Qxd8+ Nxd8
8. Bd4 Nf6 9. O-O-O Bxc3 10. Bxc3 O-O 0-1

[Event "AUTO-OPEN-1030"]
[Site "http://www.queenalice.com/game.php?id=360551"]
[Date "2008.2.25"]
[Round "1"]
[White "nelly"]
[Black "valium97"]
[Result "1-0"]
[WhiteElo "1840"]
[BlackElo "1245"]

1. d4 d6 2. c4 Nf6 3. Nf3 Nbd7 4. g3 c6 5. Bg2 e5 6. O-O Qc7 7. Nc3 Be7 8. e4
Nb6 9. c5 Nbd7 10. cxd6 Bxd6 11. dxe5 1-0

[Event "AUTO-OPEN-1030"]
[Site "http://www.queenalice.com/game.php?id=360571"]
[Date "2008.2.25"]
[Round "1"]
[White "Endy"]
[Black "nelly"]
[Result "0-1"]
[WhiteElo "1775"]
[BlackElo "1645"]

1. e4 e5 2. Nf3 Nc6 3. a3 f5 4. d3 fxe4 5. dxe4 Nf6 6. Bg5 d6 7. c3 Be7 8. Bb5
Nxe4 9. Bxc6+ bxc6 10. Bxe7 Qxe7 11. Nbd2 Nxd2 12. Nxd2 O-O 13. O-O Ba6 14. c4
Qf7 15. b3 Rae8 16. f3 d5 17. Re1 Qf4 18. c5 Bd3 19. b4 e4 20. Rc1 Re6 21. g3
Rg6 22. Kf2 Qf5 23. f4 Qh3 24. Rh1 Rxf4+ 25. Ke3 Rxg3+ 26. hxg3 Qxg3+ 27. Kd4
e3+ 28. Kxd3 e2+ 29. Kxe2 Rf2+ 30. Ke1 Qe3+ 0-1

[Event "Challenge"]
[Site "http://www.queenalice.com/game.php?id=382025"]
[Date "2008.4.4"]
[Round "-"]
[White "nelly"]
[Black "glasiq"]
[Result "1-0"]
[WhiteElo "1865"]
[BlackElo "1718"]

1. d4 Nf6 2. c4 g6 3. Nc3 Bg7 4. e4 d6 5. Be2 O-O 6. Nf3 Bg4 7. Be3 Na6 8. Qd2
c5 9. d5 Rb8 10. h3 Bxf3 11. Bxf3 Nc7 12. a4 a6 13. a5 e6 14. dxe6 Nxe6 15. O-O
b5 16. axb6 Qxb6 17. Rfd1 Rfd8 18. Na4 Qb3 19. Qc3 Qxc3 20. Nxc3 Rxb2 21. Rxa6
Rb3 22. Nb5 Rb4 23. Nxd6 Bf8 24. e5 Bxd6 25. exf6 Bh2+ 26. Kxh2 Rxc4 27. Rxe6
fxe6 28. Rxd8+ Kf7 29. Bg5 Rd4 30. Rh8 h5 31. Bc6 c4 32. Be8# 1-0

[Event "Challenge"]
[Site "http://www.queenalice.com/game.php?id=385903"]
[Date "2008.4.11"]
[Round "-"]
[White "sunking"]
[Black "nelly"]
[Result "0-1"]
[WhiteElo "1835"]
[BlackElo "1840"]

1. e4 c5 2. e5 Nc6 3. Nf3 g6 4. d4 cxd4 5. Nxd4 Bg7 6. f4 Nh6 7. c3 O-O 8. Bd3
d6 9. Qf3 dxe5 10. fxe5 Nxe5 11. Qf4 Nxd3+ 12. Ke2 Nxf4+ 13. Bxf4 e5 14. Bxh6
exd4 15. Rd1 Bxh6 16. cxd4 Bg4+ 17. Ke1 Re8+ 18. Kf1 Qf6+ 19. Kg1 Bxd1 20. h3
Re1+ 21. Kh2 Qf2 22. Nc3 Bf4# 0-1

[Event "Challenge"]
[Site "http://www.queenalice.com/game.php?id=398708"]
[Date "2008.5.6"]
[Round "-"]
[White "rhsatrhs"]
[Black "nelly"]
[Result "1-0"]
[WhiteElo "1882"]
[BlackElo "1806"]

1. e4 c5 2. Nf3 Nc6 3. Bb5 Na5 4. O-O a6 5. Bd3 g6 6. Nc3 Bg7 7. e5 Nh6 8. Re1
O-O 9. a3 Nc6 10. Rb1 d5 11. b3 Nf5 12. Ne2 Nxe5 13. Nf4 1-0